Statystyki dla Łatwy quiz o europie

Kliknij tutaj aby rozwiązać quiz!

Ogólne statystyki

  • Ten quiz został rozwiązany 1 139 razy
  • Średni wynik to 13 z 15

Statystyki odpowiedzi

PaństwoStolica% Poprawnych
NiemcyBerlin
97%
CzechyPraga
97%
GrecjaAteny
96%
AustriaWiedeń
95%
HolandiaAmsterdam
93%
PortugaliaLizbona
93%
DaniaKopenhaga
91%
MonakoMonako
90%
LitwaWilno
87%
FinlandiaHelsinki
86%
ŁotwaRyga
83%
RumuniaBukareszt
75%
EstoniaTallin
72%
Bośnia i HercegowinaSarajewo
69%
KosowoPrisztina
46%

Rozkład punktacji

Percentyl według liczby udzielonych odpowiedzi

Procent ludzi z każdym wynikiem

Twoja historia wyników

Nie rozwiązałeś tego quizu